| 000 | 00640cam a2200217 a 4500 | ||
|---|---|---|---|
| 020 | _a0273017551 (cover) | ||
| 020 | _a027301756X | ||
| 082 | 0 | 0 |
_a624.15136 _bLEE |
| 100 | 1 |
_aLee, I. K. _942414 |
|
| 245 | 1 | 0 |
_aGeotechnical engineering / _cIan K. Lee, Weeks White, Owen G. Ingles. |
| 260 |
_aBoston : _bPitman, _cc1983. |
||
| 300 |
_axxviii, 508 p. : _bill. ; _c29 cm. |
||
| 500 | _aIncludes indexes. | ||
| 526 |
_a0 _b0 _c0 _d624_151360000000000_LEE |
||
| 650 | 0 | _aGeotechnical engineering. | |
| 650 | 0 |
_aMCE _9379 |
|
| 650 | 0 | _aSoil mechanics. | |
| 700 | 1 |
_aIngles, O. G. _942415 |
|
| 700 | 1 |
_aWhite, Weeks. _942416 |
|
| 942 |
_2ddc _cBK |
||
| 999 |
_c546310 _d546310 |
||